|
|
|
|
| LEADER |
01204nam a2200277 a 4500 |
| 001 |
0017232 |
| 003 |
BD-DhAAL |
| 008 |
090826r20072001enka 000 0 eng d |
| 020 |
|
|
|a 1902741293
|
| 020 |
|
|
|a 9781902741291
|
| 040 |
|
|
|a NU
|b eng
|c NU
|d BD-DhAAL
|
| 082 |
0 |
0 |
|a 428.0076
|2 22
|
| 100 |
1 |
|
|a Wood, Ian
|9 58416
|
| 245 |
1 |
0 |
|a Pass Cambridge BEC Preliminary :
|b Work book with answer key /
|c Ian wood.
|
| 246 |
1 |
|
|a Pass Cambridge Business English Certificate
|
| 260 |
|
|
|a Oxford :
|b Summertown Publishing,
|c 2001 [reprinted 2007].
|
| 300 |
|
|
|a 80 p. :
|b ill. ;
|c 30 cm.
|
| 500 |
|
|
|a "An examination preparation course, updated for the revised exam"--Cover.
|
| 526 |
|
|
|a CFL, BRACU
|
| 541 |
1 |
|
|e 00017232
|a Karim International
|
| 650 |
|
0 |
|a English language
|x Business English
|x Examinations
|v Study guides.
|9 58417
|
| 650 |
|
0 |
|a English language
|x Business English
|x Textbooks for foreign speakers.
|9 58418
|
| 852 |
4 |
|
|a Ayesha Abed Library
|c General Stacks
|
| 942 |
|
|
|2 ddc
|c BK
|
| 999 |
|
|
|c 3645
|d 3645
|
| 952 |
|
|
|0 0
|1 0
|2 ddc
|4 0
|6 428_007600000000000_WOO_2007
|7 0
|9 3308
|a BRACUL
|b BRACUL
|c GEN
|d 2009-09-03
|e Karim International
|g 600.00
|l 1
|m 1
|o 428.0076 WOO
|p 3010017232
|r 2011-10-01
|s 2011-09-11
|t 1
|v 1200.00
|w 2009-09-03
|y BK
|